[Event "MPL 35th National U-20 Girls Chess-ch 20"]
[Site "Haryana"]
[Date "2022.03.11"]
[Round "6.5"]
[White "Ghosh Samriddhaa"]
[Black "Poorna Sri M.K"]
[Result "1-0"]
[WhiteElo "1910"]
[BlackElo "1763"]
[Annotator "NA"]
[PlyCount "133"]
[EventDate "2022.03.09"]
[EventCountry "IND"]
[SourceTitle "playchess.com"]
[Source "ChessBase"]
[SourceQuality "1"]
[TimeControl "5400+30"]

1. e4 {[%emt 0:00:30]} c5 {[%emt 0:00:19]} 2. Nf3 {[%emt 0:00:00]} d6 3. d4 {[%emt 0:00:00]} cxd4 {[%emt 0:00:26]} 4. Nxd4 {[%emt 0:00:03]} Nf6 {[%emt 0:00:04]} 5. Nc3 a6 6. Be2 {[%emt 0:00:47]} e5 {[%emt 0:00:26]} 7. Nb3 {[%emt 0:00:08]} Be7 {[%emt 0:00:11]} 8. O-O {[%emt 0:01:34]} O-O {[%emt 0:00:22]} 9. Be3 {[%emt 0:01:57]} Be6 {[%emt 0:00:38]} 10. Qd2 {[%emt 0:00:55]} Nbd7 {[%emt 0:00:48]} 11. a4 {[%emt 0:00:15]} Rc8 {[%emt 0:00:58]} 12. a5 {[%emt 0:00:38]} Qc7 {[%emt 0:01:13]} 13. Rfd1 {[%emt 0:03:26]} Rfe8 {[%emt 0:03:52]} 14. h3 {[%emt 0:08:24]} h6 {[%emt 0:02:39]} 15. Qe1 {[%emt 0:21:40]} Nh7 {[%emt 0:10:56]} 16. f4 {[%emt 0:06:46]} exf4 {[%emt 0:18:47]} 17. Bxf4 {[%emt 0:00:10]} Ne5 {[%emt 0:01:13]} 18. Nd4 {[%emt 0:03:11]} Bg5 {[%emt 0:09:34]} 19. Bxg5 {[%emt 0:05:06]} Nxg5 {[%emt 0:01:26]} 20. Kh1 {[%emt 0:09:41]} Nc4 {[%emt 0:11:38]} 21. Bxc4 {[%emt 0:02:35]} Qxc4 {[%emt 0:01:36]} 22. h4 {[%emt 0:04:56]} Nh7 {[%emt 0:00:39]} 23. Ra4 {[%emt 0:02:58]} Qc7 {[%emt 0:05:53]} 24. Qg3 {[%emt 0:01:52]} Nf6 {[%emt 0:03:05]} 25. Nf3 {[%emt 0:02:50]} Rcd8 {[%emt 0:03:23]} 26. Rd2 {[%emt 0:02:20]} Bd7 {[%emt 0:05:53]} 27. Rad4 {[%emt 0:01:42]} Bc6 {[%emt 0:02:44]} 28. e5 {[%emt 0:13:47]} Nh5 {[%emt 0:01:58]} 29. Qg4 {[%emt 0:03:26]} Bxf3 30. Qxf3 {[%emt 0:01:37]} Rxe5 {[%emt 0:00:50]} 31. Nd5 {[%emt 0:01:33]} Qxa5 {[%emt 0:08:42]} 32. g4 {[%emt 0:00:26]} Re1+ {[%emt 0:00:12]} 33. Kg2 {[%emt 0:01:06]} Nf6 {[%emt 0:00:30]} 34. Nxf6+ {[%emt 0:00:02]} gxf6 {[%emt 0:00:08]} 35. Qxf6 {[%emt 0:00:51]} Re6 {[%emt 0:00:13]} 36. Qf4 {[%emt 0:00:37]} Qb6 {[%emt 0:01:36]} 37. b4 {[%emt 0:00:26]} Qc6+ {[%emt 0:01:19]} 38. Qf3 {[%emt 0:00:35]} Qxf3+ {[%emt 0:03:04]} 39. Kxf3 {[%emt 0:00:01]} Kf8 {[%emt 0:00:19]} 40. c4 {[%emt 0:00:29]} Ke7 {[%emt 0:00:51]} 41. c5 {[%emt 0:00:18]} Rd7 {[%emt 0:01:16]} 42. Rd5 {[%emt 0:00:46]} Rd8 {[%emt 0:00:28]} 43. Kf4 {[%emt 0:00:49]} Rd7 44. g5 {[%emt 0:00:30]} Rd8 {[%emt 0:01:46]} 45. Kf5 {[%emt 0:00:25]} hxg5 {[%emt 0:00:19]} 46. hxg5 Rd7 $18 {[%emt 0:00:40] [#]} (46... b6 $11) 47. Rxd6 $1 {[%emt 0:00:46]} Rdxd6 {[%emt 0:00:15]} (47... Re2 $2 {[%emt 0:00:21][%mdl 8192]}) 48. Rxd6 {[%emt 0:00:04]} Re2 {[%emt 0:00:36]} 49. Rb6 {[%emt 0:00:12]} Rf2+ 50. Ke4 Rb2 {[%emt 0:01:13]} 51. Rxb7+ {[%emt 0:01:15]} Kd8 {[%emt 0:00:11]} 52. Ke5 {[%emt 0:01:23]} a5 {[%emt 0:00:10]} 53. b5 {[%emt 0:00:11]} a4 54. Kd6 {[%emt 0:00:35]} Kc8 {[%emt 0:00:56]} 55. Kc6 {[%emt 0:00:40]} Rg2 {[%emt 0:00:13]} 56. Ra7 {[%emt 0:00:22]} Kb8 {[%emt 0:00:05]} 57. Kb6 {[%emt 0:00:12]} Rxg5 {[%emt 0:00:25]} 58. Rxa4 Rg6+ {[%emt 0:01:30]} 59. c6 {[%emt 0:00:15]} f5 {[%emt 0:00:10]} 60. Rf4 {[%emt 0:01:36]} Rf6 {[%emt 0:00:18]} 61. Kc5 {[%emt 0:00:35]} Kc7 {[%emt 0:00:57]} 62. b6+ {[%emt 0:00:14]} Kb8 {[%emt 0:00:37]} 63. Ra4 {[%emt 0:00:18]} f4 {[%emt 0:00:57]} 64. c7+ {[%emt 0:00:09]} Kb7 {[%emt 0:00:23]} 65. Ra7+ {[%emt 0:00:05]} Kc8 {[%emt 0:00:04]} 66. Ra8+ {[%emt 0:00:04]} Kd7 {[%emt 0:00:19]} 67. c8=Q+ {[%emt 0:00:06]} 1-0

[Event "MPL 35th National U-20 Girls Chess-ch 20"]
[Site "Haryana"]
[Date "2022.03.11"]
[Round "6.6"]
[White "Femil Chelladurai"]
[Black "Velpula Sarayu"]
[Result "0-1"]
[WhiteElo "1580"]
[BlackElo "1875"]
[Annotator "NA"]
[PlyCount "91"]
[EventDate "2022.03.09"]
[EventCountry "IND"]
[SourceTitle "playchess.com"]
[Source "ChessBase"]
[SourceQuality "1"]
[TimeControl "5400+30"]

1. e4 {[%emt 0:02:26]} c5 {[%emt 0:00:14]} 2. Nf3 {[%emt 0:00:15]} g6 {[%emt 0:00:13]} 3. d4 {[%emt 0:00:07]} cxd4 {[%emt 0:00:18]} 4. Nxd4 {[%emt 0:00:07]} Nc6 {[%emt 0:00:21]} 5. c4 {[%emt 0:01:14]} Nf6 {[%emt 0:00:21]} 6. Nc3 {[%emt 0:00:36]} d6 {[%emt 0:00:13]} 7. f3 {[%emt 0:00:29]} Nxd4 {[%emt 0:00:39]} 8. Qxd4 {[%emt 0:00:10]} Bg7 {[%emt 0:00:14]} 9. Be3 {[%emt 0:00:15]} O-O {[%emt 0:00:18]} 10. Qd2 {[%emt 0:00:14]} Qa5 {[%emt 0:00:49]} 11. Be2 {[%emt 0:02:52]} Be6 {[%emt 0:05:58]} 12. Rd1 {[%emt 0:01:56]} Rfc8 {[%emt 0:02:06]} 13. Nd5 {[%emt 0:01:04]} Qxd2+ {[%emt 0:01:06]} 14. Rxd2 {[%emt 0:00:07]} Nxd5 {[%emt 0:00:23]} 15. exd5 {[%emt 0:00:50]} Bd7 {[%emt 0:00:37]} 16. O-O {[%emt 0:00:15]} a6 {[%emt 0:05:47]} 17. Bb6 {[%emt 0:02:38]} Re8 {[%emt 0:00:30]} 18. f4 {[%emt 0:02:11]} a5 {[%emt 0:05:35]} 19. Bd4 {[%emt 0:04:14]} Bxd4+ {[%emt 0:03:00]} 20. Rxd4 {[%emt 0:00:11]} Rab8 {[%emt 0:00:21]} 21. a4 {[%emt 0:02:52]} Bxa4 {[%emt 0:10:04]} 22. Ra1 {[%emt 0:00:07]} Bd7 {[%emt 0:00:09]} 23. Rxa5 {[%emt 0:00:06]} Ra8 {[%emt 0:00:07]} 24. Rxa8 {[%emt 0:00:07]} Rxa8 {[%emt 0:00:03]} 25. Rd3 {[%emt 0:01:14]} b5 {[%emt 0:06:07]} 26. Ra3 {[%emt 0:01:59]} Rxa3 {[%emt 0:03:25]} 27. bxa3 {[%emt 0:00:07]} bxc4 {[%emt 0:00:05]} 28. Bxc4 {[%emt 0:00:05]} Kf8 {[%emt 0:00:20]} 29. Kf2 {[%emt 0:00:04]} Ke8 {[%emt 0:00:11]} 30. Ke3 {[%emt 0:00:05]} Kd8 {[%emt 0:00:05]} 31. Kd4 {[%emt 0:00:05]} Kc7 {[%emt 0:00:02]} 32. Kc3 {[%emt 0:00:03]} Kb6 {[%emt 0:08:46]} 33. Kb4 {[%emt 0:00:16]} Bc8 {[%emt 0:00:28]} 34. a4 {[%emt 0:01:22]} Bb7 {[%emt 0:00:55]} 35. a5+ Ka7 {[%emt 0:00:08]} 36. g3 {[%emt 0:01:30]} h6 {[%emt 0:08:28]} 37. h4 {[%emt 0:00:07]} Ba6 {[%emt 0:02:57]} 38. Bb5 {[%emt 0:05:06]} Bb7 {[%emt 0:06:36]} 39. Bc6 {[%emt 0:03:39]} Bxc6 {[%emt 0:18:47]} 40. dxc6 {[%emt 0:00:05]} Ka6 {[%emt 0:00:02]} 41. Kc4 {[%emt 0:00:52]} e6 {[%emt 0:00:49]} 42. g4 {[%emt 0:00:37]} f6 {[%emt 0:04:01]} 43. f5 {[%emt 0:01:30]} exf5 {[%emt 0:03:15]} 44. gxf5 {[%emt 0:00:06]} g5 {[%emt 0:00:20]} 45. hxg5 {[%emt 0:00:09]} hxg5 {[%emt 0:00:11]} 46. Kd5 {[%emt 0:00:09]} 0-1

[Event "MPL 35th National U-20 Girls Chess-ch 20"]
[Site "Haryana"]
[Date "2022.03.12"]
[Round "8.1"]
[White "Ghosh Samriddhaa"]
[Black "Priyanka Nutakki"]
[Result "1/2-1/2"]
[WhiteElo "1910"]
[BlackElo "2301"]
[Annotator "ChessBase"]
[PlyCount "61"]
[EventDate "2022.03.09"]
[EventCountry "IND"]
[SourceTitle "playchess.com"]
[Source "ChessBase"]
[SourceQuality "1"]
[TimeControl "5400+30"]

1. e4 {[%emt 0:00:06]} e5 {[%emt 0:04:37]} 2. Nf3 {[%emt 0:00:22]} Nc6 {[%emt 0:00:04]} 3. Bb5 {[%emt 0:00:28]} a6 {[%emt 0:00:59]} 4. Ba4 {[%emt 0:00:06]} d6 {[%emt 0:00:10]} 5. d4 {[%emt 0:02:21]} exd4 {[%emt 0:00:06]} 6. Nxd4 {[%emt 0:01:02]} Bd7 {[%emt 0:00:04]} 7. Bxc6 {[%emt 0:00:42]} bxc6 {[%emt 0:00:18]} 8. Nc3 {[%emt 0:01:54]} g6 {[%emt 0:05:43]} 9. Be3 {[%emt 0:05:41]} Bg7 {[%emt 0:00:08]} 10. Qd2 {[%emt 0:01:11]} h6 {[%emt 0:03:24]} 11. O-O {[%emt 0:04:10]} Rb8 {[%emt 0:01:59]} 12. b3 {[%emt 0:02:36]} Ne7 {[%emt 0:06:59]} 13. Rad1 {[%emt 0:05:13]} Qc8 {[%emt 0:09:56]} 14. h3 {[%emt 0:09:46]} f5 {[%emt 0:04:29]} 15. exf5 {[%emt 0:13:33]} Nxf5 {[%emt 0:00:31]} 16. Nxf5 {[%emt 0:05:34]} Bxf5 {[%emt 0:00:14]} 17. Bd4 {[%emt 0:03:27]} O-O {[%emt 0:01:24]} 18. Bxg7 {[%emt 0:01:17]} Kxg7 {[%emt 0:00:02]} 19. Ne2 {[%emt 0:01:22]} Qd7 {[%emt 0:06:35]} 20. Ng3 {[%emt 0:05:58]} Kh7 {[%emt 0:03:47]} 21. Rfe1 {[%emt 0:02:05]} Rbe8 {[%emt 0:00:42]} 22. c4 {[%emt 0:02:01]} Qf7 {[%emt 0:05:58]} 23. Re3 {[%emt 0:02:04]} Bd7 {[%emt 0:02:29]} 24. Rf3 {[%emt 0:03:31]} Qg7 {[%emt 0:03:24]} 25. Rxf8 {[%emt 0:01:18]} Rxf8 {[%emt 0:00:47]} 26. Qa5 {[%emt 0:03:30]} Bc8 {[%emt 0:01:07]} 27. Re1 {[%emt 0:02:40]} c5 {[%emt 0:01:09]} 28. Re2 {[%emt 0:02:08]} Bb7 {[%emt 0:03:41]} 29. Qe1 {[%emt 0:00:15]} Bc6 {[%emt 0:00:19]} 30. Qa5 Bb7 {[%emt 0:01:37]} 31. Qe1 {[%emt 0:02:32]} 1/2-1/2

[Event "MPL 35th National U-20 Girls Chess-ch 20"]
[Site "Haryana"]
[Date "2022.03.12"]
[Round "8.2"]
[White "Femil Chelladurai"]
[Black "Bhagyashree Patil"]
[Result "0-1"]
[WhiteElo "1580"]
[BlackElo "1974"]
[Annotator "ChessBase"]
[PlyCount "128"]
[EventDate "2022.03.09"]
[EventCountry "IND"]
[SourceTitle "playchess.com"]
[Source "ChessBase"]
[SourceQuality "1"]
[TimeControl "5400+30"]

1. e4 {[%emt 0:02:34]} e5 {[%emt 0:00:02]} 2. Nf3 {[%emt 0:00:14]} Nc6 {[%emt 0:00:03]} 3. Bc4 {[%emt 0:01:04]} Be7 {[%emt 0:00:05]} 4. O-O {[%emt 0:01:23]} d6 {[%emt 0:00:15]} 5. d3 {[%emt 0:00:46]} h6 {[%emt 0:00:46]} 6. c3 {[%emt 0:00:19]} Nf6 {[%emt 0:00:24]} 7. Nbd2 {[%emt 0:00:28]} O-O {[%emt 0:00:19]} 8. Re1 {[%emt 0:00:36]} Be6 {[%emt 0:09:56]} 9. Bb3 {[%emt 0:00:53]} Qd7 {[%emt 0:00:41]} 10. d4 {[%emt 0:01:28]} Bg4 {[%emt 0:04:23]} 11. h3 {[%emt 0:00:57]} Bh5 {[%emt 0:02:36]} 12. d5 {[%emt 0:00:11]} Nd8 {[%emt 0:02:55]} 13. Nf1 {[%emt 0:00:44]} Bg6 {[%emt 0:01:51]} 14. Ng3 {[%emt 0:01:33]} Re8 {[%emt 0:06:05]} 15. Bc2 {[%emt 0:04:22]} Bf8 {[%emt 0:00:32]} 16. Nh4 {[%emt 0:00:32]} Bh7 {[%emt 0:01:05]} 17. Nhf5 {[%emt 0:00:52]} Kh8 {[%emt 0:00:48]} 18. Qf3 {[%emt 0:00:38]} Ng8 {[%emt 0:01:00]} 19. Qg4 {[%emt 0:00:40]} g6 {[%emt 0:08:09]} 20. Ne3 {[%emt 0:00:30]} h5 {[%emt 0:00:30]} 21. Qf3 {[%emt 0:03:37]} Bg7 {[%emt 0:02:49]} 22. Bd2 {[%emt 0:02:26]} Rf8 {[%emt 0:00:44]} 23. Ngf1 {[%emt 0:01:45]} f6 {[%emt 0:03:38]} 24. g4 {[%emt 0:02:06]} Nf7 {[%emt 0:03:49]} 25. Qg2 {[%emt 0:01:54]} Ne7 26. f3 {[%emt 0:03:14]} Bh6 {[%emt 0:12:59]} 27. Nc4 {[%emt 0:02:44]} Bf4 {[%emt 0:00:57]} 28. Bxf4 exf4 {[%emt 0:00:02]} 29. Qh2 {[%emt 0:01:17]} Ng5 {[%emt 0:05:07]} 30. Ncd2 {[%emt 0:03:52]} f5 {[%emt 0:04:06]} 31. h4 {[%emt 0:01:03]} Nxf3+ {[%emt 0:12:39]} 32. Nxf3 {[%emt 0:00:09]} fxg4 {[%emt 0:04:19]} 33. Ng5 {[%emt 0:00:10]} Rf6 {[%emt 0:00:15]} 34. Nd2 {[%emt 0:00:34]} Bg8 {[%emt 0:01:01]} 35. Rf1 {[%emt 0:00:50]} Raf8 {[%emt 0:00:37]} 36. Qf2 {[%emt 0:00:29]} c5 {[%emt 0:03:11]} 37. c4 {[%emt 0:00:37]} Nc8 {[%emt 0:00:37]} 38. Rae1 {[%emt 0:00:10]} Re8 {[%emt 0:00:41]} 39. Qh2 {[%emt 0:00:10]} f3 {[%emt 0:00:39]} 40. e5 {[%emt 0:01:18]} dxe5 {[%emt 0:00:30]} 41. Rxe5 {[%emt 0:00:08]} Ref8 {[%emt 0:03:37]} 42. Nde4 {[%emt 0:02:46]} Rf4 {[%emt 0:00:17]} 43. Ne6 Bxe6 {[%emt 0:00:02]} 44. Rxe6 {[%emt 0:03:17]} Qg7 {[%emt 0:00:09]} 45. Ng3 {[%emt 0:00:55]} Rxc4 {[%emt 0:03:54]} 46. Qf2 {[%emt 0:01:49]} Ne7 {[%emt 0:01:14]} 47. b3 {[%emt 0:00:49]} Rd4 {[%emt 0:01:23]} 48. d6 {[%emt 0:00:05]} Nd5 {[%emt 0:00:09]} 49. Rxg6 {[%emt 0:01:02]} Nf4 {[%emt 0:00:49]} 50. Rxg7 {[%emt 0:00:00]} Nh3+ {[%emt 0:00:02]} 51. Kh2 {[%emt 0:00:30]} Nxf2 {[%emt 0:00:03]} 52. Rxf2 {[%emt 0:00:08]} Kxg7 {[%emt 0:00:03]} 53. Nf5+ {[%emt 0:00:08]} Rxf5 {[%emt 0:00:14]} 54. Bxf5 {[%emt 0:00:04]} Rxd6 {[%emt 0:02:01]} 55. Kg3 {[%emt 0:00:14]} Rd4 {[%emt 0:00:20]} 56. Bc8 {[%emt 0:00:36]} b6 {[%emt 0:00:14]} 57. Ba6 {[%emt 0:00:16]} Kf6 {[%emt 0:00:52]} 58. Bc4 {[%emt 0:00:05]} Ke5 {[%emt 0:00:35]} 59. Rf1 {[%emt 0:00:51]} Rd2 {[%emt 0:00:43]} 60. Rf2 Rd7 {[%emt 0:02:04]} 61. Rf1 {[%emt 0:00:50]} Rd2 62. Re1+ Kf5 {[%emt 0:00:58]} 63. Be6+ {[%emt 0:00:53]} Kf6 {[%emt 0:00:01]} 64. Bc4 {[%emt 0:00:20]} Rc2 {[%emt 0:00:30]} 0-1

[Event "MPL 35th National U-20 Girls Chess-ch 20"]
[Site "Haryana"]
[Date "2022.03.12"]
[Round "8.3"]
[White "Lakshmi C"]
[Black "Marium Fatima"]
[Result "1/2-1/2"]
[WhiteElo "1968"]
[BlackElo "1511"]
[Annotator "ChessBase"]
[PlyCount "70"]
[EventDate "2022.03.09"]
[EventCountry "IND"]
[SourceTitle "playchess.com"]
[Source "ChessBase"]
[SourceQuality "1"]
[TimeControl "5400+30"]

1. e4 e6 2. d4 d5 3. Nc3 Nf6 4. Bg5 Be7 5. e5 Nfd7 6. Bxe7 Qxe7 7. Qd2 a6 8. f4 c5 9. Nf3 Nc6 10. dxc5 Nxc5 11. O-O-O b5 12. Bd3 b4 13. Ne2 O-O 14. Qe3 f6 15. Ned4 Bd7 16. h4 Nxd4 17. Qxd4 a5 18. Rhe1 f5 19. h5 a4 20. Kb1 b3 21. a3 bxc2+ 22. Bxc2 Bb5 23. Qe3 Bc4 24. Nd4 Ra6 25. g4 fxg4 26. f5 Rb8 27. f6 Qb7 28. Qc3 Rb6 29. Rg1 Rxb2+ 30. Kc1 Rxc2+ 31. Qxc2 Nb3+ 32. Nxb3 Bxb3 33. Qf2 Bxd1 34. Rxd1 Qb1+ 35. Kd2 Rb2+ 1/2-1/2

[Event "MPL 35th National U-20 Girls Chess-ch 20"]
[Site "Haryana"]
[Date "2022.03.12"]
[Round "8.4"]
[White "Divyabharathi Masanam"]
[Black "Rindhiya V"]
[Result "1/2-1/2"]
[WhiteElo "1711"]
[BlackElo "1949"]
[Annotator "ChessBase"]
[PlyCount "60"]
[EventDate "2022.03.09"]
[EventCountry "IND"]
[SourceTitle "playchess.com"]
[Source "ChessBase"]
[SourceQuality "1"]
[TimeControl "5400+30"]

1. e4 {[%emt 0:00:30]} e5 {[%emt 0:00:03]} 2. Nf3 {[%emt 0:00:09]} Nc6 {[%emt 0:00:01]} 3. Bc4 {[%emt 0:00:15]} Bc5 {[%emt 0:00:04]} 4. c3 {[%emt 0:00:10]} Nf6 {[%emt 0:00:06]} 5. d3 {[%emt 0:01:11]} d6 {[%emt 0:00:06]} 6. O-O {[%emt 0:00:12]} h6 {[%emt 0:00:37]} 7. h3 {[%emt 0:01:33]} O-O {[%emt 0:00:43]} 8. Bb3 {[%emt 0:01:41]} a6 {[%emt 0:02:42]} 9. Nbd2 {[%emt 0:01:20]} Ba7 {[%emt 0:12:45]} 10. Re1 {[%emt 0:04:22]} Be6 {[%emt 0:04:11]} 11. Nf1 {[%emt 0:03:43]} Ne7 {[%emt 0:02:06]} 12. Be3 {[%emt 0:03:40]} Ng6 {[%emt 0:02:20]} 13. Ng3 {[%emt 0:02:23]} Re8 {[%emt 0:08:23]} 14. Bxa7 {[%emt 0:11:24]} Rxa7 {[%emt 0:00:01]} 15. d4 {[%emt 0:00:24]} Ra8 {[%emt 0:11:47]} 16. Qc2 {[%emt 0:11:09]} c6 {[%emt 0:06:25]} 17. Rad1 {[%emt 0:02:12]} Qc7 {[%emt 0:01:27]} 18. Rd2 {[%emt 0:04:38]} c5 {[%emt 0:15:02]} 19. Bxe6 {[%emt 0:00:34]} Rxe6 {[%emt 0:02:38]} 20. dxe5 {[%emt 0:02:26]} dxe5 {[%emt 0:00:35]} 21. Red1 {[%emt 0:01:20]} c4 {[%emt 0:05:40]} 22. Kh2 {[%emt 0:08:40]} Nf4 {[%emt 0:02:08]} 23. Ne1 {[%emt 0:01:32]} b5 {[%emt 0:01:55]} 24. Nf5 {[%emt 0:01:02]} Ng6 {[%emt 0:00:30]} 25. g3 {[%emt 0:01:33]} Ne7 {[%emt 0:05:21]} 26. Nxe7+ {[%emt 0:01:48]} Qxe7 {[%emt 0:01:00]} 27. Ng2 {[%emt 0:00:17]} Qb7 28. Re2 {[%emt 0:03:46]} Qc6 {[%emt 0:03:57]} 29. f3 {[%emt 0:03:07]} Ra7 {[%emt 0:06:36]} 30. Ne3 {[%emt 0:00:49]} Rd7 {[%emt 0:00:38]} 1/2-1/2

[Event "MPL 35th National U-20 Girls Chess-ch 20"]
[Site "Haryana"]
[Date "2022.03.12"]
[Round "8.5"]
[White "Bommini Mounika Akshaya"]
[Black "Anupam M Sreekumar"]
[Result "1/2-1/2"]
[WhiteElo "2145"]
[BlackElo "1724"]
[Annotator "ChessBase"]
[PlyCount "59"]
[EventDate "2022.03.09"]
[EventCountry "IND"]
[SourceTitle "playchess.com"]
[Source "ChessBase"]
[SourceQuality "1"]
[TimeControl "5400+30"]

1. d4 {[%emt 0:05:39]} d5 {[%emt 0:00:17]} 2. Bf4 {[%emt 0:00:08]} Nf6 {[%emt 0:00:24]} 3. e3 e6 {[%emt 0:00:22]} 4. Nd2 {[%emt 0:00:15]} Be7 {[%emt 0:00:46]} 5. Ngf3 {[%emt 0:00:31]} O-O {[%emt 0:01:46]} 6. Bd3 {[%emt 0:00:20]} b6 {[%emt 0:00:57]} 7. Qe2 {[%emt 0:00:37]} Bb7 {[%emt 0:00:37]} 8. Ne5 {[%emt 0:01:04]} c5 {[%emt 0:00:53]} 9. c3 {[%emt 0:00:07]} Nc6 {[%emt 0:04:19]} 10. Rd1 {[%emt 0:02:48]} a5 {[%emt 0:08:29]} 11. a4 {[%emt 0:04:57]} Nd7 {[%emt 0:04:47]} 12. Bg3 {[%emt 0:06:41]} cxd4 {[%emt 0:03:11]} 13. Nxd7 {[%emt 0:09:35]} Qxd7 {[%emt 0:02:36]} 14. exd4 {[%emt 0:00:07]} Nb8 {[%emt 0:08:41]} 15. Ra1 {[%emt 0:11:28]} Bd6 {[%emt 0:09:07]} 16. f4 {[%emt 0:01:56]} Ba6 {[%emt 0:01:45]} 17. O-O {[%emt 0:02:22]} Bxd3 {[%emt 0:16:32]} 18. Qxd3 {[%emt 0:00:09]} Nc6 {[%emt 0:00:13]} 19. Nf3 {[%emt 0:02:47]} Ne7 {[%emt 0:03:24]} 20. Ne5 {[%emt 0:01:27]} Bxe5 {[%emt 0:01:28]} 21. fxe5 {[%emt 0:04:49]} Rab8 {[%emt 0:02:52]} 22. Rf2 {[%emt 0:09:34]} Rfc8 {[%emt 0:05:57]} 23. Bf4 {[%emt 0:02:05]} Rc4 {[%emt 0:05:17]} 24. b3 Rcc8 {[%emt 0:00:08]} 25. Raf1 {[%emt 0:04:14]} Rf8 {[%emt 0:01:44]} 26. Bg5 {[%emt 0:04:18]} h6 {[%emt 0:02:15]} 27. Bc1 {[%emt 0:03:09]} b5 {[%emt 0:07:30]} 28. axb5 {[%emt 0:02:09]} Rxb5 {[%emt 0:02:37]} 29. c4 {[%emt 0:05:44]} dxc4 {[%emt 0:01:16]} 30. Qxc4 {[%emt 0:02:10]} 1/2-1/2

[Event "MPL 35th National U-20 Girls Chess-ch 20"]
[Site "Haryana"]
[Date "2022.03.12"]
[Round "8.6"]
[White "Chinnam Vyshnavi"]
[Black "Velpula Sarayu"]
[Result "1/2-1/2"]
[WhiteElo "1721"]
[BlackElo "1875"]
[Annotator "NA"]
[PlyCount "56"]
[EventDate "2022.03.09"]
[EventCountry "IND"]
[SourceTitle "playchess.com"]
[Source "ChessBase"]
[SourceQuality "1"]
[TimeControl "5400+30"]

1. Nf3 {[%emt 0:02:04]} Nf6 {[%emt 0:00:14]} 2. c4 {[%emt 0:00:28]} g6 {[%emt 0:00:29]} 3. b4 {[%emt 0:00:12]} Bg7 {[%emt 0:00:30]} 4. Bb2 {[%emt 0:00:08]} O-O {[%emt 0:00:23]} 5. g3 {[%emt 0:00:04]} c5 {[%emt 0:05:15]} 6. bxc5 {[%emt 0:04:26]} Na6 {[%emt 0:05:07]} 7. d4 {[%emt 0:03:38]} Ne4 {[%emt 0:03:33]} 8. Qc2 {[%emt 0:15:05]} d5 {[%emt 0:00:53]} 9. cxd6 {[%emt 0:01:34]} Nxd6 {[%emt 0:00:06]} 10. e4 {[%emt 0:02:02]} Bg4 {[%emt 0:12:41]} 11. Nbd2 {[%emt 0:02:22]} Nb4 {[%emt 0:14:08]} 12. Qb3 {[%emt 0:03:21]} Nc6 {[%emt 0:00:32]} 13. e5 {[%emt 0:03:26]} Nf5 {[%emt 0:02:25]} 14. d5 {[%emt 0:01:04]} Na5 {[%emt 0:01:59]} 15. Qd3 {[%emt 0:04:33]} Rc8 {[%emt 0:03:54]} 16. h3 {[%emt 0:02:04]} Bxf3 {[%emt 0:02:01]} 17. Qxf3 {[%emt 0:00:17]} Bh6 {[%emt 0:02:11]} 18. Nb3 {[%emt 0:13:00]} Nxc4 {[%emt 0:06:44]} 19. Bxc4 {[%emt 0:00:07]} Rxc4 {[%emt 0:00:05]} 20. O-O {[%emt 0:00:31]} Qd7 {[%emt 0:07:32]} 21. Bc1 {[%emt 0:08:05]} Bxc1 {[%emt 0:06:05]} 22. Raxc1 {[%emt 0:00:45]} Nd4 {[%emt 0:01:22]} 23. Qe4 {[%emt 0:05:49]} Nxb3 {[%emt 0:05:12]} 24. Qxc4 Nd2 {[%emt 0:03:51]} 25. Qd3 {[%emt 0:03:41]} Nxf1 {[%emt 0:00:11]} 26. Rxf1 {[%emt 0:00:04]} Rd8 {[%emt 0:02:15]} 27. Rd1 {[%emt 0:00:30]} Qxh3 {[%emt 0:00:24]} 28. d6 {[%emt 0:02:58]} Qd7 {[%emt 0:03:40]} 1/2-1/2

[Event "MPL 35th National U-20 Girls Chess-ch 20"]
[Site "Haryana"]
[Date "2022.03.13"]
[Round "9.1"]
[White "Priyanka Nutakki"]
[Black "Sajitha B"]
[Result "1/2-1/2"]
[WhiteElo "2301"]
[BlackElo "1455"]
[Annotator "TA"]
[PlyCount "61"]
[EventDate "2022.03.09"]
[EventCountry "IND"]
[SourceTitle "playchess.com"]
[Source "ChessBase"]
[SourceQuality "1"]

{[%evp 29,61,7,10,7,8,8,8,9,6,2,0,3,6,0,10,12,10,12,10,2,7,-33,0,-13,0,-40,0,-6,7,5,6,0,0,0]} 1. d4 Nf6 2. c4 e6 3. Nf3 d5 4. Nc3 dxc4 5. e3 a6 6. a4 c5 7. Bxc4 Nc6 8. O-O {[%cal Bh1f1,Bf1d1,Bd1d4][%mdl 32]} Be7 9. Qe2 cxd4 10. Rd1 e5 11. exd4 exd4 12. Nxd4 Nxd4 13. Qe5 Qd6 14. Qxd4 Qxd4 15. Rxd4 Bc5 16. Rd1 {D27: Queen's Gambit Accepted: Classical main line: 7 e4!? and 7 a4.} O-O 17. Bg5 Bg4 18. Rd2 Rad8 {[#]} 19. h3 $146 ({Predecessor:} 19. Bd5 Rd7 20. Bxf6 gxf6 21. Ne4 Be7 22. f3 Bf5 23. Rad1 Rfd8 24. Bxb7 Rxd2 25. Rxd2 Bxe4 26. Rxd8+ Bxd8 27. fxe4 {½-½ (38) Hertneck,G (2502)-Aronian,L (2581) Bad Wiessee 2002}) 19... Rxd2 20. Bxd2 Bf5 21. Re1 {[#] Hoping for Re5.} Re8 {To avoid Re5} 22. Rxe8+ Nxe8 23. Bd5 Nd6 24. Bf4 b6 25. Na2 {[#] Strongly threatening b4.} a5 {To avoid b4} (25... Ne4 $5 {[%cal Re4f2]}) 26. Nc1 Bc2 27. b3 Nf5 28. Ne2 {The position is equal.} Nd4 29. Nxd4 Bxd4 30. Bc4 Bc5 31. Kf1 {A balanced but interesting game.  Weighted Error Value: White=0.09 (flawless) /Black=0.08 (flawless)} 1/2-1/2